000 00957nam a22002651a 4500
001 4762677
005 20170427020003.0
008 851120s1985 miu 000 0 eng
010 _a85231312
020 _a0801082617
_c
_4.95
040 _aDLC
_cDLC
_dDLC
050 0 0 _aLB1025
_b.G83 1985
082 0 0 _aLB 1025.G83 1985
_219
100 1 _aGregory, John Milton,
_d1822-1898.
245 1 0 _aExcellence in teaching with the seven laws :
_ba contemporary abridgment of Gregory's Seven laws of teaching /
_cCarl Shafer, editor.
_h[Text]
260 _aGrand Rapids, Mich.
_bBaker Book House
_cc1985
300 _a96 p. ; 21 cm.
500 _aRev. ed. of: The seven laws of teaching. 1954.
650 0 _aTeaching.
700 1 _aShafer, Carl.
700 1 _aGregory, John Milton,
_d1822-1898.
_tSeven laws of teaching.
906 _a7
_bcbc
_corignew
_d3
_encip
_f19
_gy-gencatlg
991 _bc-GenColl
_hLB1025
_i.G83 1985
_p0006013196A
_tCopy 1
_wBOOKS
942 0 0 _06
999 _c35220
_d35220